00477pab a2200157 454500008004000000100002100040245007800061260000900139300001400148362000800162650003400170650002600204700001600230700002100246773005200267180718b2001 xxu||||| |||| 00| 0 eng d aYoshihiro Eshima aPublic management innovation in Japan: its characteristics and challenges c2001 ap.699-714 aDec aPublic administration - Japan aPublic administration aTaishi Ohno aTaisuke Katayana aInternational Review of Administrative Sciences